000
00294 a2200109 4500
020
_a
9789693702477
082
_a
428.1 ILA
100
_a
Malik Ijaz Ilahi
_9
112136
245
_a
Essential english vocabulary
260
_a
Islamabad
_b
National Book Foundation
_c
2007
942
_a
NBS
_c
BK
_k
428.1
_2
ddc
999
_c
342718
_d
342718